000 00711nam a2200289Ia 4500
005 20260324131947.0
008 008 260324s9999 xx 000 0 eng d
020 _a9781315377384
037 _aEBOOK
040 _aCRL
040 _beng
040 _cCRL
041 _2eng
041 _aeng
084 _qCRL
100 _aSheila Leatherman; Kim Sutherland
_91187504
245 4 _aThe Quest for Quality in the NHS
245 2 _bA Chartbook on Quality of Care in the UK
260 _bTaylor and Francis
260 _c2005
365 _a
365 _b405
856 _uhttp://www.taylorfrancis.com/books/9781315377384
942 _cEBOOK
999 _c1785128
_d1785128